000 00639nam a2200169 a 4500
001 000013685
005 20200929163318.0
008 091127s1976 pr c 000 0 spa d
040 _aDO-SdBNP
_bspa
_cBNPHU
082 _axxx
_bA973i
111 2 _aConferencia dictada en San Juan Puerto Rico
_d(1976 sept. 18 :
_cSan Juan )
_931123
245 1 0 _aInterpretación diferente de la historia nacional :
_b(culminación de la realidad dominicana en la era del doctor Balaguer) /
_cSalvador Aybar Mella.
260 _aSan Juan, Puerto Rico,
_c1976.
300 _a10 p. :
_bretrs. ;
_c21 cm.
700 1 _aAybar Mella, Salvador
_925133
049 _aBNPD
999 _c13298
_d13298